01271cam a22003375a 4500001001000000003000400010005001700014008004100031020002500072040004000097082001900137100002900156245011100185250004300296260005200339300003300391490002800424500007000452500002400522504004100546650002000587650003500607651001000642653003300652655002400685700002400709700002500733942001900758999001700777952013900794016481213OSt20150810150931.0130920t2014 enka frb 001 0 eng d a9781292021775 (pbk.) aStDuBDSbengcStDuBDSdUkdEG-ScBUE04a332.1bFAB2221 aFabozzi, Frank J.93829510aFoundations of financial markets and institutions /cFrank J. Fabozzi, Franco Modigliani, Frank J. Jones.  a4th ed., Pearson new international ed. aHarlow : bPearson Education Limited, cc.2014. aiv, 698 p. :bill. ;c28 cm.0 aPearson custom library  aPrevious edition: Upper Saddle River, N.J. : Prentice Hall, 2002. aIndex : p. 685-697. aIncludes bibliographical references. 0aFinance.2BUEsh 0aFinancial institutions.2BUEsh 2BUEsh bBUSADMcJune2015cAugust2015 vreading book9342321 aModigliani, Franco.1 aJones, Frank Joseph. 2ddck332.1 FAB c19864d19836 00102ddc40708AlahramaMAINbMAINc1STd2015-06-24epurchaseg269.00h435l0o332.1 FABp000038824r2025-07-15 00:00:00v336.25yBB